The new building better English 11 / (Record no. 7436)
[ view plain ]
| 000 -LEADER | |
|---|---|
| fixed length control field | 00819cam a22002771 4500 |
| 001 - CONTROL NUMBER | |
| JCCL Control Number | 7436 |
| 003 - CONTROL NUMBER IDENTIFIER | |
| JCCL marc code | BD-JhCC |
| 005 - DATE AND TIME OF LATEST TRANSACTION | |
| control field | 20180402084357.0 |
| 008 - FIXED-LENGTH DATA ELEMENTS--GENERAL INFORMATION | |
| fixed length control field | 750421s1948 xx 000 0 eng |
| 035 ## - SYSTEM CONTROL NUMBER | |
| system control number | (BD-JhCC)7436 |
| 035 ## - SYSTEM CONTROL NUMBER | |
| system control number | (OCoLC)1290508 |
| 040 ## - CATALOGING SOURCE | |
| Original cataloging agency | DLC |
| Transcribing agency | FO |
| Modifying agency | OCoLC |
| -- | DLC |
| -- | BD-JhCC |
| 041 ## - LANGUAGE CODE | |
| Language code of Book | eng |
| 050 00 - LIBRARY OF CONGRESS CALL NUMBER | |
| Classification number | PE1111 |
| Item number | .J47 |
| 082 ## - DEWEY DECIMAL CLASSIFICATION NUMBER | |
| Classification number | 808 |
| Author mark and Year | JOH 1948 |
| 100 1# - MAIN ENTRY--PERSONAL NAME | |
| Personal name | John, Mellie. |
| 245 10 - TITLE STATEMENT | |
| Title | The new building better English 11 / |
| Statement of responsibility, etc | Mellie John and Paulene M. Yates |
| 260 ## - PUBLICATION, DISTRIBUTION, ETC. (IMPRINT) | |
| Place of publication, distribution, etc | Evanston, Ill., |
| Name of publisher, distributor, etc | Row, Peterson |
| Date of publication, distribution, etc | [1948] |
| 300 ## - PHYSICAL DESCRIPTION | |
| Pagination | v. |
| Other physical details | illus. |
| Dimensions | 24 cm. |
| 500 ## - GENERAL NOTE | |
| General note | Grade 12 by John J. De Boer. Includes bibliographies. |
| 650 #0 - SUBJECT ADDED ENTRY--TOPICAL TERM | |
| Topical term or geographic name as entry element | English language |
| General subdivision | Composition and exercises. |
| 650 #0 - SUBJECT ADDED ENTRY--TOPICAL TERM | |
| Topical term or geographic name as entry element | English language |
| General subdivision | Grammar |
| 700 1# - ADDED ENTRY--PERSONAL NAME | |
| Personal name | Yates, Paulene M. |
| 942 ## - ADDED ENTRY ELEMENTS (KOHA) | |
| Source of classification or shelving scheme | Dewey Decimal Classification |
| Koha item type | Books |
| Source of classification or shelving scheme | Damaged status | Not for loan | Home library | Current library | Shelving location | Total Checkouts | Full call number | Barcode | Date last seen | Copy number | Koha item type |
|---|---|---|---|---|---|---|---|---|---|---|---|
| Dewey Decimal Classification | JCC Rouf Library | JCC Rouf Library | General Stacks | 808 JOH 1948 | 1031 | 02/10/2018 | C - 1 | Books |